000
00276nam a22001337a 4500
008
170623b xxu||||| |||| 00| 0 eng d
020
_a
9780681071384
041
_a
eng
080
_a
94
100
_a
16
101
_a
SHH
245
_a
TRUE CRIME
_c
FIDO,M
942
_2
udc
_c
BK
999
_c
19023
_d
19023